<?xml version='1.0' encoding='UTF-8'?>
  <record xmlns="http://www.loc.gov/MARC21/slim">
    <leader>00000cam a2200000 a 4500</leader>
    <controlfield tag="001">ocm28135427</controlfield>
    <controlfield tag="003">OCoLC</controlfield>
    <controlfield tag="005">20240804002319.3</controlfield>
    <controlfield tag="008">930520s1905    wlk      d    000 0 eng d</controlfield>
    <datafield tag="040" ind1=" " ind2=" ">
      <subfield code="a">HHG</subfield>
      <subfield code="b">eng</subfield>
      <subfield code="c">HHG</subfield>
      <subfield code="d">OCLCQ</subfield>
      <subfield code="d">OCLCG</subfield>
      <subfield code="d">OCLCQ</subfield>
      <subfield code="d">OCLCO</subfield>
      <subfield code="d">OCLCF</subfield>
      <subfield code="d">OCLCQ</subfield>
      <subfield code="d">OCLCO</subfield>
      <subfield code="d">QGJ</subfield>
      <subfield code="d">OCLCQ</subfield>
      <subfield code="d">OCL</subfield>
      <subfield code="d">OCLCO</subfield>
      <subfield code="d">OCLCL</subfield>
      <subfield code="d">OCLCQ</subfield>
    </datafield>
    <datafield tag="035" ind1=" " ind2=" ">
      <subfield code="a">(OCoLC)28135427</subfield>
    </datafield>
    <datafield tag="100" ind1="1" ind2=" ">
      <subfield code="a">Davies, John,</subfield>
      <subfield code="d">1567-1644.</subfield>
      <subfield code="1">https://id.oclc.org/worldcat/entity/E39PBJjXjYDk7pHFrpdWmP4KBP</subfield>
    </datafield>
    <datafield tag="245" ind1="1" ind2="2">
      <subfield code="a">A short Welsh-English dictionary /</subfield>
      <subfield code="c">based chiefly on the Dictionarium Britannico-Latinum of Dr. John Davies of Mallwyd ; and on "The British language in its lustre," of Thomas Jones of Shrewsbury.</subfield>
    </datafield>
    <datafield tag="260" ind1=" " ind2=" ">
      <subfield code="a">Llanuwchllyn :</subfield>
      <subfield code="b">Ab Owen,</subfield>
      <subfield code="c">1905.</subfield>
    </datafield>
    <datafield tag="300" ind1=" " ind2=" ">
      <subfield code="a">viii, 128 ;</subfield>
      <subfield code="c">14 cm</subfield>
    </datafield>
    <datafield tag="336" ind1=" " ind2=" ">
      <subfield code="a">text</subfield>
      <subfield code="b">txt</subfield>
      <subfield code="2">rdacontent</subfield>
    </datafield>
    <datafield tag="337" ind1=" " ind2=" ">
      <subfield code="a">unmediated</subfield>
      <subfield code="b">n</subfield>
      <subfield code="2">rdamedia</subfield>
    </datafield>
    <datafield tag="500" ind1=" " ind2=" ">
      <subfield code="a">Compiled by Owen M. Edwards.</subfield>
    </datafield>
    <datafield tag="650" ind1=" " ind2="0">
      <subfield code="a">Welsh language</subfield>
      <subfield code="v">Dictionaries</subfield>
      <subfield code="x">English.</subfield>
    </datafield>
    <datafield tag="650" ind1=" " ind2="7">
      <subfield code="a">Welsh language</subfield>
      <subfield code="2">fast</subfield>
    </datafield>
    <datafield tag="655" ind1=" " ind2="7">
      <subfield code="a">polyglot dictionaries.</subfield>
      <subfield code="2">aat</subfield>
    </datafield>
    <datafield tag="655" ind1=" " ind2="7">
      <subfield code="a">Multilingual dictionaries</subfield>
      <subfield code="2">fast</subfield>
    </datafield>
    <datafield tag="655" ind1=" " ind2="7">
      <subfield code="a">Dictionaries</subfield>
      <subfield code="2">fast</subfield>
    </datafield>
    <datafield tag="655" ind1=" " ind2="7">
      <subfield code="a">Multilingual dictionaries.</subfield>
      <subfield code="2">lcgft</subfield>
    </datafield>
    <datafield tag="655" ind1=" " ind2="7">
      <subfield code="a">Dictionnaires multilingues.</subfield>
      <subfield code="2">rvmgf</subfield>
    </datafield>
    <datafield tag="700" ind1="1" ind2=" ">
      <subfield code="a">Edwards, Owen M.</subfield>
      <subfield code="q">(Owen Morgan),</subfield>
      <subfield code="d">1858-1920.</subfield>
      <subfield code="1">https://id.oclc.org/worldcat/entity/E39PBJyxbqPjDc4vQqkmXJBtrq</subfield>
    </datafield>
    <datafield tag="752" ind1=" " ind2=" ">
      <subfield code="a">Wales</subfield>
      <subfield code="d">Llanuwchllyn.</subfield>
    </datafield>
  </record>